| 000 | 00394nam a22001577a 4500 | ||
|---|---|---|---|
| 020 | _a978-93-80283-42-5 | ||
| 082 |
_a823 _bDIS/S |
||
| 100 | _aSHIMABUKURO, DENISE | ||
| 245 |
_aSPIRIT OF ADVENTURE _bSTEPPING STONES |
||
| 246 |
_aSPIRIT OF ADVENTURE _bSTEPPING STONES |
||
| 260 |
_aCANADA _bUNITED STATES _c2009 |
||
| 300 | _a78 | ||
| 520 | _aSHORT STORY | ||
| 650 | _aSHORT STORY | ||
| 942 | _cBK | ||
| 999 |
_c3150 _d3150 |
||